| 000 | 00653nam a22002177a 4500 | ||
|---|---|---|---|
| 005 | 20251108165238.0 | ||
| 008 | 250721s1993 xx 000 0 ara d | ||
| 082 | 1 | 4 | _a613.2/بيغ |
| 100 | 1 | _aبيغين، إيفان | |
| 245 | 1 | 0 | _aالمرشد في التقييم التغذوي / |
| 246 | 1 | 1 | _aA guide to nutritional |
| 264 | 1 |
_aالإسكندرية : _bالمكتب الإقليمي لشرق المتوسط، _c1993. |
|
| 300 | _a80ص | ||
| 650 | 1 | 7 | _aالغذاء |
| 650 | 1 | 7 | _aالتغذية |
| 650 | 1 | 7 | _aالصحة |
| 700 | 1 | _aكاب، ميريام | |
| 700 | 1 | _aبرونو، دوجاردان | |
| 942 |
_2ddc _cBK |
||
| 999 |
_c23100 _d23100 |
||